| 000 | 00403nam a2200169Ia 4500 | ||
|---|---|---|---|
| 008 | 221030s9999 xx 000 0 und d | ||
| 020 | _a8175561165 | ||
| 041 | _aEnglish | ||
| 082 |
_a105.23 _bGup |
||
| 100 | _aS. L. Gupta | ||
| 245 | 0 |
_aElectrodynamics _cby S. L. Gupta, V. Kumar |
|
| 260 |
_bPragati Prakashan _aMeerut _c1999 |
||
| 300 | _a520 | ||
| 650 | _aEMT | ||
| 700 | _aV. Kumar | ||
| 942 | _cBK | ||
| 999 |
_c7019 _d7019 |
||